Štúdium foriem a optimalizácia obsahu oxidu siričitého z hľadiska kvality a stability vinárskych produktov : (17.6.1988 /

Na minha lista:
Detalhes bibliográficos
Autor principal: Kováč, Jozef (Author)
Formato: Manuscrito Livro
Publicado em: Bratislava : SVŠT v Bratislave ChtF, 1988
Tags: Adicionar Tag
Sem tags, seja o primeiro a adicionar uma tag!

MARC

LEADER 00000ntm a22000003a 4500
001 stu20627
005 20150617225749.9
008 ------s1988----cs----------------------d
040 |a STU  |b slo 
041 0
044 |a cs 
080 |a 663.2/043.3/ 
100 1 |a Kováč, Jozef  |4 aut 
245 1 |a Štúdium foriem a optimalizácia obsahu oxidu siričitého z hľadiska kvality a stability vinárskych produktov :  |b (17.6.1988 /  |c [aut.]Kováč,Jozef 
260 |a Bratislava :  |b SVŠT v Bratislave ChtF,  |c 1988 
300 |a 118 s 
996 |b CKD63  |c C*KD63  |l CCI  |s A  |a 24  |w stu20627_0001